| 000 | 00337nam a22001217a 4500 | ||
|---|---|---|---|
| 040 | _cHS | ||
| 082 | _a152 | ||
| 100 | _aSIRICHAI KANLAYANARAT | ||
| 245 | _aHorticultural chain management for countries of asia and the pacific region a training package | ||
| 260 |
_aBangkok _bSIRICHAI KANLAYANARAT _c2009 |
||
| 300 | _a213p; | ||
| 942 | _cEK | ||
| 999 |
_c10215 _d10215 |
||